[Event "4NCL Online Div 1 Playoff"]
[Site "online"]
[Date "2022.05.03"]
[EventDate "2022.05.03"]
[Round "8.11"]
[White "Hebden, Mark L"]
[WhiteTitle "GM"]
[WhiteElo "2482"]
[WhiteTeam "Guildford Young Guns"]
[Black "Venkataramanan, T.S."]
[BlackTitle "FM"]
[BlackElo "2247"]
[BlackTeam "Watford 1"]
[Result "1/2-1/2"]
[PlyCount "136"]

1. d4 d5 2. Nf3 Nf6 3. c4 e6 4. Bg5 Be7 5. e3 O-O 6. Nc3 h6 7. Bh4 b6 8. Bd3 Bb7 9. O-O Nbd7 10. Bg3 c5 11. cxd5 exd5 12. Rc1 Ne4 13. dxc5 bxc5 14. Bxe4 dxe4 15. Nd2 Nf6 16. Qb3 Qb6 17. Rfd1 Rfd8 18. Nc4 Qxb3 19. axb3 Rd3 20. Rxd3 exd3 21. Kf1 Rd8 22. Rd1 Nh5 23. Be5 f6 24. Bc7 Rd7 25. Ba5 g5 26. f3 Ng7 27. Na4 Ba6 28. Bc3 Kf7 29. Kf2 Ne6 30. Ra1 Bb5 31. Bd2 Bd8 32. Nc3 a6 33. g4 Bc7 34. h3 Kg6 35. Ra2 h5 36. Ra1 hxg4 37. hxg4 Rh7 38. Rg1 Bc6 39. Be1 Rh2+ 40. Rg2 Rh1 41. Nd2 Be5 42. Rg1 Rh2+ 43. Rg2 Rh3 44. Nde4 Bxe4 45. Nxe4 Bxb2 46. Bc3 Bxc3 47. Nxc3 Rh1 48. Rg1 Rxg1 49. Kxg1 f5 50. gxf5+ Kxf5 51. Kf2 Ke5 52. Ke1 Nc7 53. Kd2 Nd5 54. Nxd5 Kxd5 55. Kxd3 Kc6 56. Kc4 Kd6 57. e4 Kc6 58. e5 a5 59. e6 Kd6 60. e7 Kxe7 61. Kxc5 Ke6 62. Kb5 Kf5 63. Kxa5 Kf4 64. b4 Kxf3 65. b5 g4 66. b6 g3 67. b7 g2 68. b8=Q g1=Q 1/2-1/2

[Event "4NCL Online Div 1 Playoff"]
[Site "online"]
[Date "2022.05.03"]
[EventDate "2022.05.03"]
[Round "8.12"]
[White "Karumazondo, Ernest"]
[WhiteElo "2222"]
[WhiteTeam "Watford 1"]
[Black "Grieve, Harry"]
[BlackTitle "FM"]
[BlackElo "2280"]
[BlackTeam "Guildford Young Guns"]
[Result "1/2-1/2"]
[PlyCount "118"]

1. e4 c6 2. Nf3 d5 3. exd5 cxd5 4. Ne5 Nc6 5. d4 a6 6. c3 Nxe5 7. dxe5 Bf5 8. Bd3 Bxd3 9. Qxd3 e6 10. O-O Ne7 11. Nd2 Nc6 12. Nf3 Be7 13. Re1 Qc7 14. h3 Rc8 15. Bf4 O-O 16. Re2 b5 17. a4 Qb7 18. Bg5 b4 19. Bxe7 Nxe7 20. cxb4 Rc4 21. Nd4 Qxb4 22. Rd1 Nc6 23. Nxc6 Rxc6 24. b3 Rfc8 25. Re3 g6 26. Qd4 Qxd4 27. Rxd4 Rc1+ 28. Kh2 Rb8 29. Rdd3 Rb1 30. g4 g5 31. Kg2 Rb4 32. Rf3 d4 33. h4 h6 34. hxg5 hxg5 35. Rh3 Re1 36. Rh5 Rxe5 37. f4 Rd5 38. fxg5 Kg7 39. Kf3 Kg6 40. Kf4 a5 41. Rh6+ Kg7 42. Rh5 Kf8 43. Ke4 Ke7 44. g6 fxg6 45. Rxd5 exd5+ 46. Kxd5 Kf6 47. Rxd4 Rxb3 48. Kc6 Rb4 49. g5+ Kxg5 50. Rd5+ Kf4 51. Rxa5 g5 52. Ra8 g4 53. a5 g3 54. Rg8 Kf3 55. a6 Ra4 56. Kb7 g2 57. a7 Rxa7+ 58. Kxa7 Kf2 59. Rxg2+ Kxg2 1/2-1/2

[Event "4NCL Online Div 1 Playoff"]
[Site "online"]
[Date "2022.05.03"]
[EventDate "2022.05.03"]
[Round "8.13"]
[White "Stoyanov, Viktor"]
[WhiteElo "2359"]
[WhiteTeam "Guildford Young Guns"]
[Black "Stone, Andrew M"]
[BlackElo "2174"]
[BlackTeam "Watford 1"]
[Result "1-0"]
[PlyCount "81"]

1. b3 e5 2. Bb2 d6 3. e3 Nf6 4. Nf3 Bg4 5. h3 Bh5 6. Be2 Be7 7. c4 c6 8. Nc3 a6 9. d4 e4 10. Nd2 Bxe2 11. Qxe2 d5 12. g4 O-O 13. f3 exf3 14. Qxf3 dxc4 15. Nxc4 Nd5 16. O-O-O a5 17. e4 Nxc3 18. Bxc3 a4 19. b4 Na6 20. a3 Nc7 21. Bb2 Nb5 22. Kb1 Nd6 23. Ne3 Bg5 24. d5 Qe8 25. e5 Bxe3 26. exd6 Bg5 27. h4 Bd8 28. Qf5 cxd5 29. Qxd5 Qd7 30. g5 Rc8 31. h5 Qc6 32. Qd4 f6 33. h6 Bb6 34. Qd3 g6 35. Bxf6 Qd7 36. Rhe1 Rce8 37. Qd5+ Qf7 38. Rxe8 Rxe8 39. d7 Rf8 40. Qxf7+ Kxf7 41. d8=Q 1-0

[Event "4NCL Online Div 1 Playoff"]
[Site "online"]
[Date "2022.05.03"]
[EventDate "2022.05.03"]
[Round "8.14"]
[White "Holland, Edward N"]
[WhiteElo "2145"]
[WhiteTeam "Watford 1"]
[Black "Kalaiyalahan, Akshaya"]
[BlackTitle "FM"]
[BlackElo "2226"]
[BlackTeam "Guildford Young Guns"]
[Result "0-1"]
[PlyCount "102"]

1. e4 c5 2. Nf3 Nc6 3. d4 cxd4 4. Nxd4 g6 5. c4 Bg7 6. Be3 Nf6 7. Nc3 O-O 8. Be2 d6 9. O-O Bd7 10. f3 Nxd4 11. Bxd4 a5 12. b3 Bc6 13. Qd2 Nd7 14. f4 e5 15. Be3 exf4 16. Bxf4 Qb6+ 17. Kh1 Qb4 18. Rf3 Ne5 19. Rh3 Bd7 20. Rg3 a4 21. Rd1 axb3 22. axb3 Bc6 23. Qxd6 Qxd6 24. Rxd6 Ra3 25. Nd1 Bxe4 26. h3 Bc2 27. b4 Ra1 28. Kh2 Bxd1 29. Rxd1 Rxd1 30. Bxd1 Nxc4 31. Rd3 Nb2 32. Rd7 Nxd1 33. Rxd1 Bc3 34. b5 f5 35. Rd3 Bf6 36. b6 g5 37. Bc7 Re8 38. Rd5 f4 39. h4 h6 40. hxg5 hxg5 41. Ra5 Re2 42. Kh3 Kg7 43. Ra7 Re3+ 44. Kh2 Kg6 45. Rxb7 Bd4 46. Rb8 Re7 47. Rg8+ Kf5 48. g4+ Kxg4 49. b7 Rh7+ 50. Kg2 f3+ 51. Kf1 Rh1# 0-1

[Event "4NCL Online Div 1 Playoff"]
[Site "online"]
[Date "2022.05.03"]
[EventDate "2022.05.03"]
[Round "8.21"]
[White "Chan, Kim Yew"]
[WhiteTitle "FM"]
[WhiteElo "2306"]
[WhiteTeam "Schach Attack"]
[Black "Webb, Laurence E"]
[BlackTitle "FM"]
[BlackElo "2340"]
[BlackTeam "Blackthorne"]
[Result "1-0"]
[PlyCount "117"]

1. d4 Nf6 2. Bg5 b6 3. Bxf6 exf6 4. e3 Bb7 5. Nf3 f5 6. Bd3 g6 7. c4 Bg7 8. Nc3 d6 9. O-O O-O 10. b4 Nd7 11. b5 Nf6 12. a4 Ne4 13. Nd5 a5 14. Qc2 Re8 15. Rfe1 Qd7 16. Rad1 Nf6 17. Nxf6+ Bxf6 18. e4 fxe4 19. Bxe4 Rxe4 20. Rxe4 Bxe4 21. Qxe4 Re8 22. Qd3 Qe6 23. Kf1 Qe4 24. Qxe4 Rxe4 25. Re1 Rxe1+ 26. Kxe1 Kf8 27. Ke2 Ke7 28. Kd3 Ke6 29. Ke4 Bd8 30. g4 h6 31. h4 h5 32. d5+ Kf6 33. g5+ Ke7 34. Nd4 Kd7 35. f4 f6 36. f5 fxg5 37. fxg6 Bf6 38. Ne6 Ke7 39. hxg5 Be5 40. Kf5 Bc3 41. Nxc7 Kf8 42. Ne6+ Ke7 43. Nf4 h4 44. Kg4 Bd2 45. Ne6 Be1 46. Nd4 Kf8 47. Nf5 Bb4 48. Kxh4 Kg8 49. Kg4 Bd2 50. Nd4 Bc3 51. Ne6 Bb4 52. Kf5 Bc3 53. Nf4 Be5 54. Nh5 Bd4 55. Ke6 Bc5 56. Kd7 Kf8 57. Kc6 Ke7 58. Nf6 Bd4 59. g7 1-0

[Event "4NCL Online Div 1 Playoff"]
[Site "online"]
[Date "2022.05.03"]
[EventDate "2022.05.03"]
[Round "8.22"]
[White "Taylor, Adam A"]
[WhiteElo "2283"]
[WhiteTeam "Blackthorne"]
[Black "Alizada, Eldar"]
[BlackElo "2098"]
[BlackTeam "Schach Attack"]
[Result "1-0"]
[PlyCount "83"]

1. Nf3 d5 2. g3 Nf6 3. Bg2 c6 4. O-O Bg4 5. d3 e6 6. Nbd2 Bd6 7. h3 Bxf3 8. Nxf3 O-O 9. Re1 Nbd7 10. e4 Qc7 11. Qe2 dxe4 12. dxe4 Ne5 13. Nd2 Bc5 14. Kh1 Rad8 15. f4 Ng6 16. e5 Nd5 17. Ne4 Be7 18. a3 b5 19. b3 b4 20. axb4 Bxb4 21. Rf1 Nc3 22. Qc4 Nxe4 23. Bxe4 c5 24. Be3 Ne7 25. Bf2 Nd5 26. Bf3 Nb6 27. Qe4 Bc3 28. Ra6 Rd7 29. Be2 Rfd8 30. h4 Bd4 31. Be1 Nd5 32. Bd3 g6 33. Ba5 Nb6 34. Bb5 Qb7 35. Qxb7 Rxb7 36. Rd1 Rc8 37. c3 Be3 38. Kg2 Nd5 39. Bc4 Rd7 40. Kf3 Rb8 41. Rd6 Rxd6 42. exd6 1-0

[Event "4NCL Online Div 1 Playoff"]
[Site "online"]
[Date "2022.05.03"]
[EventDate "2022.05.03"]
[Round "8.23"]
[White "Moyse, Nigel John"]
[WhiteElo "1989"]
[WhiteTeam "Schach Attack"]
[Black "Eames, Robert S"]
[BlackTitle "FM"]
[BlackElo "2197"]
[BlackTeam "Blackthorne"]
[Result "1/2-1/2"]
[PlyCount "101"]

1. d4 e6 2. e4 d5 3. e5 c5 4. c3 Nc6 5. Nf3 Qb6 6. a3 c4 7. Nbd2 Na5 8. g3 Bd7 9. Bh3 Ne7 10. O-O h6 11. Rb1 Nc8 12. Ne1 Qc7 13. f4 g6 14. Ng2 Nb6 15. Ne3 Ba4 16. Qe2 h5 17. Bg2 O-O-O 18. h3 Be7 19. Nf3 Nb3 20. Ng5 Rdf8 21. Rf2 Kb8 22. Nf1 Nxc1 23. Rxc1 Ka8 24. Qe3 Bd7 25. Nd2 Na4 26. Nb1 Qb6 27. Qd2 f6 28. Nf3 f5 29. h4 Qb3 30. Qc2 Qa2 31. b4 cxb3 32. Qxa2 bxa2 33. Rxa2 Rc8 34. Nfd2 Bb5 35. Bf1 Bxf1 36. Kxf1 Rc7 37. Ke2 Rhc8 38. Kd3 b5 39. Nb3 Nb6 40. Na5 Nc4 41. Nb3 a5 42. N3d2 a4 43. Nxc4 bxc4+ 44. Kc2 Rb8 45. Rb2 Rxb2+ 46. Kxb2 Rb7+ 47. Ka2 Rb3 48. Rc2 Ka7 49. Rc1 Ka6 50. Rc2 Ka5 51. Rc1 1/2-1/2

[Event "4NCL Online Div 1 Playoff"]
[Site "online"]
[Date "2022.05.03"]
[EventDate "2022.05.03"]
[Round "8.24"]
[White "Mackle, Dominic"]
[WhiteElo "2175"]
[WhiteTeam "Blackthorne"]
[Black "Handley, Michael R"]
[BlackElo "1985"]
[BlackTeam "Schach Attack"]
[Result "1-0"]
[PlyCount "95"]

1. d4 Nf6 2. c4 g6 3. Nc3 d5 4. cxd5 Nxd5 5. e4 Nxc3 6. bxc3 Bg7 7. Bc4 c5 8. Ne2 O-O 9. O-O Nc6 10. Be3 b6 11. Qd2 Bb7 12. Rac1 Rc8 13. Rfd1 cxd4 14. cxd4 e6 15. Bh6 Na5 16. Bd3 Rxc1 17. Rxc1 Qe7 18. Bxg7 Kxg7 19. Qf4 Rd8 20. Rc7 Rd7 21. Rxd7 Qxd7 22. h4 f6 23. e5 Qf7 24. h5 gxh5 25. Ng3 f5 26. Qg5+ Kf8 27. Nxh5 Nc6 28. Bb5 Qg6 29. Qh4 a6 30. Nf4 Qf7 31. Bxc6 Bxc6 32. Qd8+ Kg7 33. Qxb6 Qd7 34. Qc7 Kf7 35. Qxd7+ Bxd7 36. Kf1 Bb5+ 37. Ke1 Bc4 38. a3 Ke7 39. Kd2 a5 40. Kc3 Ba2 41. g3 Kf7 42. Nd3 Kg6 43. Nc5 f4 44. Nb7 fxg3 45. fxg3 Kg5 46. Nxa5 Bd5 47. Nc4 Kg4 48. Ne3+ 1-0

[Event "4NCL Online Div 2 Playoff"]
[Site "online"]
[Date "2022.05.03"]
[EventDate "2022.05.03"]
[Round "8.11"]
[White "Clark, Gary M"]
[WhiteTitle "FM"]
[WhiteElo "2273"]
[WhiteTeam "Charlton Cobras A"]
[Black "Willmoth, Robert F"]
[BlackTitle "CM"]
[BlackElo "2206"]
[BlackTeam "Barnet Knights A"]
[Result "1/2-1/2"]
[PlyCount "42"]

1. d4 d6 2. e4 Nf6 3. Nc3 g6 4. Be3 c6 5. Nf3 Bg7 6. Qd2 O-O 7. h3 b5 8. Bd3 Nbd7 9. a4 b4 10. Ne2 a5 11. O-O e5 12. c3 Qe7 13. Ng3 c5 14. Rfe1 bxc3 15. bxc3 Ba6 16. d5 c4 17. Bf1 Rfc8 18. Qa2 Rc7 19. Nd2 Rac8 20. Rab1 Nc5 21. Rb6 Nfd7 1/2-1/2

[Event "4NCL Online Div 2 Playoff"]
[Site "online"]
[Date "2022.05.03"]
[EventDate "2022.05.03"]
[Round "8.12"]
[White "Rasalingam, Haran"]
[WhiteElo "2037"]
[WhiteTeam "Barnet Knights A"]
[Black "Stebbings, Anthony J"]
[BlackTitle "FM"]
[BlackElo "2268"]
[BlackTeam "Charlton Cobras A"]
[Result "1/2-1/2"]
[PlyCount "161"]

1. e4 c5 2. b3 d6 3. Bb2 Nf6 4. Bb5+ Bd7 5. Bxd7+ Qxd7 6. d3 g6 7. Nc3 Bg7 8. Nd5 O-O 9. Nxf6+ Bxf6 10. Bxf6 exf6 11. Qf3 Qe6 12. Ne2 Nc6 13. c3 Rfe8 14. O-O Qe5 15. Nf4 Ne7 16. d4 cxd4 17. Nd3 Qe6 18. cxd4 f5 19. e5 dxe5 20. dxe5 Qd5 21. Qe3 Nc6 22. f4 Rad8 23. Rad1 Qd4 24. Qxd4 Rxd4 25. Nc5 b6 26. Nb7 Kg7 27. Nd6 Re7 28. Rc1 Nb4 29. a3 Nd5 30. g3 f6 31. Rfd1 fxe5 32. fxe5 Rxd1+ 33. Rxd1 Ne3 34. Rc1 Ng4 35. Nc8 Rxe5 36. Nxa7 Re3 37. Rb1 Re2 38. Nc8 Nxh2 39. Nxb6 Nf3+ 40. Kf1 Ra2 41. Nc4 Nh2+ 42. Ke1 Nf3+ 43. Kd1 h5 44. Rb2 Ra1+ 45. Ke2 Nd4+ 46. Ke3 Nb5 47. a4 Nc3 48. Kd4 Nxa4 49. bxa4 Rxa4 50. Kd5 g5 51. Rb7+ Kf6 52. Rb6+ Kg7 53. Ne5 h4 54. Rg6+ Kh7 55. Rxg5 hxg3 56. Rxg3 f4 57. Rg4 Kh6 58. Ke6 Ra6+ 59. Kf5 f3 60. Nxf3 Ra5+ 61. Ne5 Kh7 62. Rb4 Kg7 63. Rb7+ Kg8 64. Rb6 Ra1 65. Rg6+ Kf8 66. Nc6 Rf1+ 67. Ke6 Re1+ 68. Ne5 Re2 69. Rg1 Re3 70. Kf6 Re2 71. Ke6 Re3 72. Rg4 Re1 73. Rg2 Re3 74. Kf6 Re1 75. Rd2 Rf1+ 76. Ke6 Re1 77. Rf2+ Kg7 78. Rg2+ Kf8 79. Rf2+ Kg7 80. Rg2+ Kf8 81. Rf2+ 1/2-1/2

[Event "4NCL Online Div 2 Playoff"]
[Site "online"]
[Date "2022.05.03"]
[EventDate "2022.05.03"]
[Round "8.13"]
[White "Mayer, Daniel H"]
[WhiteElo "2019"]
[WhiteTeam "Charlton Cobras A"]
[Black "Eedle, Eric F"]
[BlackElo "1863"]
[BlackTeam "Barnet Knights A"]
[Result "1/2-1/2"]
[PlyCount "38"]

1. e4 c5 2. d4 cxd4 3. c3 Nf6 4. e5 Nd5 5. Nf3 Nc6 6. Bc4 Nb6 7. Bb3 d5 8. exd6 Qxd6 9. Na3 a6 10. O-O Bf5 11. cxd4 e6 12. Be3 Be7 13. Qe2 O-O 14. Rfd1 Nd5 15. Nc4 Qd8 16. Rac1 Rc8 17. Nce5 Qd6 18. Nc4 Qb8 19. Nce5 Qd6 1/2-1/2

[Event "4NCL Online Div 2 Playoff"]
[Site "online"]
[Date "2022.05.03"]
[EventDate "2022.05.03"]
[Round "8.14"]
[White "Vyas, Alisha"]
[WhiteElo "1757"]
[WhiteTeam "Barnet Knights A"]
[Black "Virgin, Jack"]
[BlackElo "1844"]
[BlackTeam "Charlton Cobras A"]
[Result "1/2-1/2"]
[PlyCount "88"]

1. e4 c5 2. c3 Nc6 3. Nf3 g6 4. d4 cxd4 5. cxd4 d6 6. Nc3 Bg7 7. Bb5 Bg4 8. O-O a6 9. Bxc6+ bxc6 10. Be3 Qa5 11. h3 Bd7 12. Qd2 Qh5 13. Qe2 c5 14. Rfd1 cxd4 15. Bxd4 Bxd4 16. Rxd4 Rb8 17. Rd5 Qh6 18. Qxa6 Nf6 19. Rd2 O-O 20. Rad1 Qf4 21. Qe2 Bc6 22. Nd5 Nxd5 23. exd5 Bd7 24. Rd4 Qf6 25. R1d2 Rfc8 26. Kh2 h5 27. Qe3 Re8 28. Rf4 Qg7 29. Rfd4 Qf6 30. Qh6 Qg7 31. Qf4 f6 32. Rb4 g5 33. Qd4 g4 34. Ng1 Qg5 35. Rd3 f5 36. Rdb3 Rxb4 37. Rxb4 Rc8 38. Qa7 Be8 39. Rb8 Rxb8 40. Qxb8 Qf4+ 41. Kh1 Kf7 42. Qb6 Qc4 43. Qa5 Bb5 44. b3 Qxd5 1/2-1/2

[Event "4NCL Online Division 3"]
[Site "online"]
[Date "2022.01.25"]
[EventDate "2022.01.25"]
[Round "1.11"]
[White "Russell, Chris"]
[WhiteElo "1719"]
[WhiteTeam "Watford 2"]
[Black "Lockett, Daniel"]
[BlackElo "1694"]
[BlackTeam "Shropshire and Friends 4"]
[Result "0-1"]
[PlyCount "68"]

1. d4 d5 2. c4 Nc6 3. Nf3 Bg4 4. h3 Bxf3 5. exf3 Nf6 6. Be3 e6 7. a3 Be7 8. Bd3 O-O 9. O-O dxc4 10. Bxc4 Qd6 11. Nc3 Rad8 12. Ne2 Nd5 13. Qc2 Bf6 14. Rad1 Qe7 15. Rfe1 a6 16. Ba2 g6 17. Nc3 Nxe3 18. fxe3 Bh4 19. Re2 Rd7 20. Ne4 Bf6 21. Nc5 Nxd4 22. exd4 Bxd4+ 23. Rxd4 Rxd4 24. Nxe6 Qd6 25. Nxf8 Rd1+ 26. Kf2 Qd4+ 27. Kg3 Qd6+ 28. Kg4 h5+ 29. Kh4 Qf6+ 30. Kg3 Qd6+ 31. Kf2 Qd4+ 32. Kg3 h4+ 33. Kh2 Qf4+ 34. g3 Qxg3# 0-1

[Event "4NCL Online Division 3"]
[Site "online"]
[Date "2022.01.25"]
[EventDate "2022.01.25"]
[Round "1.12"]
[White "Westhead, John A"]
[WhiteElo "1603"]
[WhiteTeam "Shropshire and Friends 4"]
[Black "Littlefair, Paul"]
[BlackElo "1659"]
[BlackTeam "Watford 2"]
[Result "0-1"]
[PlyCount "86"]

1. d4 Nf6 2. c4 g6 3. Nc3 d5 4. Bg5 dxc4 5. e4 Bg7 6. Bxc4 Nc6 7. Nf3 O-O 8. O-O Bg4 9. d5 Ne5 10. Be2 Nxf3+ 11. Bxf3 Bxf3 12. Qxf3 e6 13. e5 exd5 14. Bxf6 Bxf6 15. exf6 c6 16. Rfe1 Re8 17. g4 Qd6 18. g5 Re5 19. Rxe5 Qxe5 20. Qe3 Qf5 21. Re1 Qd7 22. Qe7 Qg4+ 23. Kf1 Qh3+ 24. Ke2 Qxh2 25. Kd1 Rf8 26. Qe5 Qxf2 27. Re2 Qf3 28. Kd2 a6 29. Qh2 h5 30. Na4 Qg4 31. Nc5 Qxg5+ 32. Ke1 Qc1+ 33. Kf2 Qxc5+ 34. Kf1 Qd4 35. Qd6 h4 36. b3 Qd3 37. Qf4 Qh3+ 38. Rg2 Kh7 39. Kg1 Re8 40. Kf2 Re4 41. Qg5 Qd3 42. Kg1 Qf3 43. Kh1 h3 0-1

[Event "4NCL Online Division 3"]
[Site "online"]
[Date "2022.01.25"]
[EventDate "2022.01.25"]
[Round "1.13"]
[White "Vig, Sanjay"]
[WhiteElo "1640"]
[WhiteTeam "Watford 2"]
[Black "Holmes, Nick D"]
[BlackElo "1563"]
[BlackTeam "Shropshire and Friends 4"]
[Result "1-0"]
[PlyCount "75"]

1. e4 d6 2. Nc3 Nf6 3. Bc4 g6 4. d3 Bg7 5. a4 O-O 6. f4 Nbd7 7. Nf3 a6 8. O-O c5 9. Qe1 Nb6 10. Bb3 Re8 11. a5 Nbd7 12. f5 e6 13. fxe6 fxe6 14. Qh4 b6 15. Ng5 Nf8 16. e5 dxe5 17. Nce4 Qd4+ 18. Kh1 Nxe4 19. Rxf8+ Kxf8 20. Be3 Qxb2 21. Rf1+ Nf6 22. Nxh7+ Ke7 23. Nxf6 Bxf6 24. Qxf6+ Kd6 25. axb6 Bb7 26. Qf2 Rf8 27. Bxc5+ Kd7 28. Bxf8 Qd4 29. Qf7+ Kc6 30. Qxe6+ Kb5 31. Bc4+ Ka4 32. Bg7 Bc6 33. Qxc6+ Ka3 34. Qxa8 Qe3 35. Qxa6+ Kb2 36. Qa2+ Kc3 37. Bxe5+ Kd2 38. c3# 1-0

[Event "4NCL Online Division 3"]
[Site "online"]
[Date "2022.01.25"]
[EventDate "2022.01.25"]
[Round "1.14"]
[White "Bench, Fred"]
[WhiteElo "1547"]
[WhiteTeam "Shropshire and Friends 4"]
[Black "Shaw, David K"]
[BlackElo "1624"]
[BlackTeam "Watford 2"]
[Result "0-1"]
[PlyCount "88"]

1. e4 e6 2. d4 d5 3. e5 c5 4. c3 Nc6 5. Nf3 Qb6 6. a3 c4 7. Be2 Na5 8. Nbd2 Ne7 9. Rb1 Ng6 10. b4 Nc6 11. O-O Be7 12. Ne1 f6 13. Ndf3 fxe5 14. Nxe5 Ngxe5 15. dxe5 Nxe5 16. Be3 Qc7 17. Bd4 O-O 18. Qd2 Bf6 19. f4 Nc6 20. Nc2 Nxd4 21. Nxd4 Qb6 22. Bd1 Bxd4+ 23. cxd4 Bd7 24. Rf3 a5 25. Bc2 axb4 26. Rxb4 Qc7 27. Rh3 h6 28. Rh4 Rxa3 29. Bb1 Ra4 30. Qc2 Rxb4 31. Qh7+ Kf7 32. Bg6+ Kf6 33. Bh5 Be8 34. Bxe8 Rxe8 35. Rxh6+ Ke7 36. Qxg7+ Kd8 37. Qg6 Qxf4 38. Qf6+ Qxf6 39. Rxf6 c3 40. Rf3 c2 41. Kf2 c1=Q 42. h4 Qd2+ 43. Kg3 Rg8+ 44. Kh3 Qxg2# 0-1

[Event "4NCL Online Division 3"]
[Site "online"]
[Date "2022.01.25"]
[EventDate "2022.01.25"]
[Round "1.21"]
[White "Philpin, Les"]
[WhiteElo "1674"]
[WhiteTeam "Morriston Benko"]
[Black "Healey, Grant"]
[BlackElo "1778"]
[BlackTeam "Kernow Knights"]
[Result "0-1"]
[PlyCount "106"]

1. d4 d6 2. Nf3 g6 3. Bf4 Bg7 4. e3 h6 5. Nbd2 Nf6 6. Be2 Nh5 7. Bg3 Nxg3 8. hxg3 O-O 9. Nb3 a5 10. Nc1 b5 11. Bxb5 Ba6 12. Bxa6 Nxa6 13. a3 c5 14. c3 Qb6 15. Qc2 Rac8 16. Ne2 cxd4 17. exd4 Nc7 18. O-O Nb5 19. Qd2 e5 20. dxe5 dxe5 21. a4 Rfd8 22. Qe1 e4 23. axb5 exf3 24. Nf4 fxg2 25. Nxg2 Qxb5 26. Qb1 Rd2 27. Ra2 Rb8 28. Qa1 Rxb2 29. Rxa5 Qd3 30. Ra8 Bxc3 31. Rxb8+ Rxb8 32. Qa3 Qd4 33. Nf4 Qb4 34. Qa2 Qd6 35. Qc4 Bd4 36. Kg2 Kg7 37. Rd1 Rb4 38. Rxd4 Qxd4 39. Qxd4+ Rxd4 40. Kf3 g5 41. Ne2 Rd3+ 42. Ke4 Ra3 43. Kf5 Ra5+ 44. Kg4 Kg6 45. Kf3 Ra3+ 46. Kg2 f5 47. Ng1 h5 48. Nf3 Kf6 49. Nd4 f4 50. gxf4 gxf4 51. Nf3 Kf5 52. Ne1 Kg4 53. Kf1 f3 0-1

[Event "4NCL Online Division 3"]
[Site "online"]
[Date "2022.01.25"]
[EventDate "2022.01.25"]
[Round "1.22"]
[White "Macphail, Kieran"]
[WhiteElo "1675"]
[WhiteTeam "Kernow Knights"]
[Black "Smith, Andrew R"]
[BlackElo "1692"]
[BlackTeam "Morriston Benko"]
[Result "0-1"]
[PlyCount "44"]

1. e4 e5 2. Nf3 Nc6 3. Nc3 Nf6 4. d4 exd4 5. Nxd4 d6 6. Bb5 Bd7 7. Bxc6 bxc6 8. Qf3 c5 9. Nf5 Bxf5 10. Qxf5 Be7 11. O-O O-O 12. Rd1 Qc8 13. Qf3 Qe6 14. Bg5 Rab8 15. Rab1 h6 16. Bxf6 Bxf6 17. Nd5 Bxb2 18. Nxc7 Qxa2 19. Nd5 Be5 20. Rxb8 Rxb8 21. Ne7+ Kh8 22. Qxf7 Qxf7 0-1

[Event "4NCL Online Division 3"]
[Site "online"]
[Date "2022.01.25"]
[EventDate "2022.01.25"]
[Round "1.23"]
[White "Jones, Huw"]
[WhiteElo "1617"]
[WhiteTeam "Morriston Benko"]
[Black "Rodrigo, Y Jan"]
[BlackElo "1692"]
[BlackTeam "Kernow Knights"]
[Result "1-0"]
[PlyCount "43"]

1. e4 d6 2. d4 Nf6 3. Nc3 Nbd7 4. Nf3 e5 5. g4 h6 6. g5 hxg5 7. Bxg5 Be7 8. Bc4 c6 9. Qd2 b5 10. Bd3 a5 11. O-O-O a4 12. dxe5 dxe5 13. Bxf6 Bxf6 14. Nxb5 cxb5 15. Bxb5 Ra7 16. Qd6 Qe7 17. Qb8 Qc5 18. Bxd7+ Rxd7 19. Rxd7 Kxd7 20. Rd1+ Ke7 21. Rd5 Be6 22. Qb7+ 1-0

[Event "4NCL Online Division 3"]
[Site "online"]
[Date "2022.01.25"]
[EventDate "2022.01.25"]
[Round "1.24"]
[White "Oates, Thomas"]
[WhiteElo "1670"]
[WhiteTeam "Kernow Knights"]
[Black "Williams, Luke"]
[BlackElo "1658"]
[BlackTeam "Morriston Benko"]
[Result "1/2-1/2"]
[PlyCount "139"]

1. d4 Nf6 2. c4 e6 3. Nc3 Bb4 4. Qc2 c5 5. dxc5 Bxc5 6. Nf3 O-O 7. Bf4 Qb6 8. e3 Nc6 9. Na4 Qa5+ 10. Nc3 d5 11. Qa4 Qxa4 12. Nxa4 Bb4+ 13. Kd1 Rd8 14. Kc2 Ne4 15. Bg3 Bd7 16. Bd3 Na5 17. Nc3 Rac8 18. Bxe4 dxe4 19. Nd2 Nxc4 20. Nxc4 Rxc4 21. Rac1 Ba4+ 22. Kb1 Bxc3 23. Rxc3 Rxc3 24. bxc3 Rd1+ 25. Rxd1 Bxd1 26. Bb8 a6 27. Kb2 Be2 28. Ka3 Bc4 29. Kb2 b5 30. g3 f6 31. a3 Kf7 32. Bd6 e5 33. Kc2 Kg6 34. Bf8 f5 35. h4 Kf6 36. Kd2 g6 37. Bh6 Ke6 38. Bf8 Kd5 39. Bg7 Bd3 40. Kc1 Kc4 41. Bxe5 Kb3 42. Bd6 Kxc3 43. Bb4+ Kb3 44. Kd2 h6 45. Ke1 Ka4 46. Kd2 a5 47. Bf8 Kb3 48. Kc1 b4 49. axb4 axb4 50. Bxh6 Ka2 51. Bg7 Kb3 52. Bf6 Kc4 53. Kd2 b3 54. Bb2 Bc2 55. Bc1 Kd5 56. Bb2 Ke6 57. Bg7 Kf7 58. Bh6 Kg8 59. Kc1 Kh7 60. Bf8 Kg8 61. Bh6 Kf7 62. Bg5 Ke6 63. Bh6 Kd5 64. Bg7 Kc4 65. Kd2 Bd3 66. Bb2 Bc2 67. Bg7 Kb4 68. Bb2 Bd3 69. Bc1 Bc2 70. Bb2 1/2-1/2

[Event "4NCL Online Division 3"]
[Site "online"]
[Date "2022.01.25"]
[EventDate "2022.01.25"]
[Round "1.31"]
[White "Bucher, Goetz"]
[WhiteElo "1969"]
[WhiteTeam "Bearsden Grizzlies"]
[Black "MacLeod, Alasdair"]
[BlackElo "1790"]
[BlackTeam "Deaf England 1"]
[Result "1/2-1/2"]
[PlyCount "105"]

1. e4 c5 2. Ne2 Nc6 3. Nbc3 g6 4. g3 Bg7 5. Bg2 d6 6. O-O Nf6 7. d3 O-O 8. h3 Bd7 9. Be3 Rc8 10. Qd2 Re8 11. Kh2 Qc7 12. f4 a6 13. a4 e6 14. g4 Kh8 15. Ng3 Nd4 16. Nce2 Nxe2 17. Qxe2 Bc6 18. c3 b5 19. g5 Ng8 20. a5 f5 21. gxf6 Bxf6 22. d4 cxd4 23. cxd4 Qb7 24. Rac1 Ne7 25. Rc2 Bh4 26. Bg1 d5 27. e5 Bxg3+ 28. Kxg3 Nf5+ 29. Kh2 b4 30. Rfc1 Bb5 31. Qd2 Rxc2 32. Qxc2 Qe7 33. Bf2 Bc4 34. b3 Bb5 35. Bf1 Bxf1 36. Rxf1 Qf7 37. Qc6 Re7 38. Rc1 Nxd4 39. Bxd4 Qxf4+ 40. Kg2 Qxd4 41. Rf1 Qe4+ 42. Rf3 Kg7 43. Kf2 Qd4+ 44. Kg2 Qd2+ 45. Rf2 Qg5+ 46. Kf1 Qxe5 47. Qxa6 Qg3 48. Qc8 Qxh3+ 49. Kg1 Qg3+ 50. Kf1 Qd3+ 51. Kg1 Qd1+ 52. Kg2 Qg4+ 53. Kf1 1/2-1/2

[Event "4NCL Online Division 3"]
[Site "online"]
[Date "2022.01.25"]
[EventDate "2022.01.25"]
[Round "1.32"]
[White "Dwek, Ilan G"]
[WhiteElo "1651"]
[WhiteTeam "Deaf England 1"]
[Black "Watt, David A"]
[BlackElo "1921"]
[BlackTeam "Bearsden Grizzlies"]
[Result "1/2-1/2"]
[PlyCount "45"]

1. e4 Nf6 2. Nc3 d5 3. exd5 Nxd5 4. d4 Nxc3 5. bxc3 g6 6. Nf3 Bg7 7. Be2 O-O 8. O-O c5 9. Be3 cxd4 10. cxd4 Nc6 11. c3 Qa5 12. Qd2 e5 13. Rfd1 exd4 14. cxd4 Qxd2 15. Rxd2 Bf5 16. Bd3 Bxd3 17. Rxd3 Rfd8 18. Rad1 b6 19. Rc3 Rac8 20. Rdc1 Ne7 21. Rxc8 Rxc8 22. Rxc8+ Nxc8 23. Kf1 1/2-1/2

[Event "4NCL Online Division 3"]
[Site "online"]
[Date "2022.01.25"]
[EventDate "2022.01.25"]
[Round "1.33"]
[White "Kerridge, Simon"]
[WhiteElo "1547"]
[WhiteTeam "Bearsden Grizzlies"]
[Black "Freund, Michael P"]
[BlackElo "1699"]
[BlackTeam "Deaf England 1"]
[Result "0-1"]
[PlyCount "46"]

1. d4 e6 2. Nc3 d5 3. Bf4 c6 4. e3 Bd6 5. Bd3 Nf6 6. Nf3 Qc7 7. Bxd6 Qxd6 8. Ne5 Nbd7 9. f4 c5 10. g4 cxd4 11. exd4 Qb4 12. Qc1 Qxd4 13. Nf3 Qb6 14. h3 O-O 15. b3 Nc5 16. Nd2 Nxd3+ 17. cxd3 Qe3+ 18. Ne2 Qxd3 19. Qc7 b6 20. Rd1 Ba6 21. Rh2 Rfc8 22. Qe5 Ne4 23. f5 Nxd2 0-1

[Event "4NCL Online Division 3"]
[Site "online"]
[Date "2022.01.25"]
[EventDate "2022.01.25"]
[Round "1.41"]
[White "Sagade, Nivedita"]
[WhiteElo "1606"]
[WhiteTeam "Uxbridge C"]
[Black "Robinson, Brian"]
[BlackElo "1640"]
[BlackTeam "Bishop Trojans"]
[Result "1/2-1/2"]
[PlyCount "48"]

1. d4 d5 2. c4 e6 3. Nc3 Be7 4. cxd5 exd5 5. Bf4 c6 6. e3 Nf6 7. Bd3 O-O 8. Nf3 Nbd7 9. h3 Re8 10. O-O Nf8 11. Ne5 Be6 12. Qb3 Qb6 13. Qc2 Rac8 14. Rac1 Qd8 15. Na4 N8d7 16. Nxd7 Qxd7 17. Nc5 Bxc5 18. dxc5 b6 19. Ba6 Ra8 20. Bd3 b5 21. Bg5 Ne4 22. Bf4 Nf6 23. Bg5 Ne4 24. Bf4 Nf6 1/2-1/2